Nhân tố con người xưa và nay : Quyển sách đúc kết tinh hoa về khả năng khai thác nhân tài, ghi lại những lời bình tiêu biểu về nghệ thuật lãnh đạo, cung cấp cái nhìn toàn diện về khoa học quản trị /

Đã lưu trong:
书目详细资料
主要作者: Trần Minh Nhật.
格式: Sách giấy
语言:Vietnamese
出版: Hải Phòng : NXB. Hải phòng, 2007.
主题:
标签: 添加标签
没有标签, 成为第一个标记此记录!
Thư viện lưu trữ: Thư viện Trường Đại học Đà Lạt
LEADER 00946nam a2200301 4500
001 DLU110000088
005 ##20110223
040 # # |a DLU  |b vie 
041 # # |a vie 
044 # # |a vn 
082 # # |a 658.3  |b TR-N 
100 # # |a Trần Minh Nhật. 
245 # # |a Nhân tố con người xưa và nay :  |b Quyển sách đúc kết tinh hoa về khả năng khai thác nhân tài, ghi lại những lời bình tiêu biểu về nghệ thuật lãnh đạo, cung cấp cái nhìn toàn diện về khoa học quản trị /  |c Trần Minh Nhật. 
260 # # |a Hải Phòng :  |b NXB. Hải phòng,  |c 2007. 
300 # # |a 222 tr. ;  |c 20 cm. 
653 # # |a Khả năng lãnh đạo 
653 # # |a Quản lý nhân sự 
923 # # |a 15/2010 
991 # # |a SH 
992 # # |a 27000 
994 # # |a DLU 
900 # # |a True 
911 # # |a Đào Thị Thu Huyền 
925 # # |a G 
926 # # |a A 
927 # # |a SH 
980 # # |a Thư viện Trường Đại học Đà Lạt